000 00730nam a2200193 a 4500
003 0
005 20250411105615.0
008 060802s19uu xx 00 eng d
050 _aPHS PN 4784.F6
_b.S85 2006
100 _aSuk, Won Min (Danny).
245 _aThe Perceived effects of watching international news on the communication skills of selected foreign students /
_cWon Min (Danny) Suk.
260 _aLas PiƱas City, Philippines :
_bSouthville International School and Colleges,
_c2006.
300 _a25 pages ;
_c28 cm.
504 _aIncludes bibliographical references.
650 _aNews
_xInfluence.
650 _aTelevision and international relations.
650 _aInterpersonal communication.
942 _2lcc
_cPASS
999 _c97669
_d97669